Statistics for Cities that beat Tokyo

Click here to take the quiz!

General Stats

  • This quiz has been taken 43 times
  • The average score is 9 of 10

Answer Stats

RankCategoryBeaten by% Correct
5Busiest airport*Atlanta / Beijing / Los Angeles / Dubai
100%
2Tallest structureDubai
100%
6Most skyscrapersHong Kong / Shenzhen / New York / Dubai / Shanghai
100%
8Northernmost 10M+ urban areaMoscow / London / Paris / Istanbul / New York / Beijing / Seoul
100%
2Most populous urban areaGuangzhou
97%
5Busiest metro/subway system*Beijing / Shanghai / Guangzhou / Seoul
95%
7Easternmost 1M+ urban areaAuckland / Brisbane / Sydney / Melbourne / Sapporo / Sendai
90%
8Most expensive city to live in**Singapore / Osaka / Hong Kong / New York / Paris / Zurich / Tel Aviv
90%
10Capital city closest to a 10M+ cityBrazzaville / Pretoria / Porto Novo / Beijing / Pyongyang / Dhaka / Montevideo / Brussels / Lomé
64%
2Capital city furthest away from Sao Paulo, BrazilTaipei
44%

Score Distribution

Percentile by Number Answered

Percent of People with Each Score

Your Score History

You have not taken this quiz